| 000 | 00705nam a2200229Ia 4500 | ||
|---|---|---|---|
| 003 | BUBTL | ||
| 008 | 151213s9999 xx 000 0 und d | ||
| 020 | _a0-19-507895-0 | ||
| 082 | _a382.0951/CHT | ||
| 100 |
_aPeter .Y.Chow , Mitchell H. Kellman _93124 |
||
| 245 |
_aTrade the Engine of Growth in East Asia _cPeter .Y.Chow , Mitchell H. Kellman |
||
| 250 | _a1st | ||
| 260 |
_aU.S.A _bOxford _cc1993 |
||
| 300 |
_a[xii] , 172p . : _bill . Table ;23cm . |
||
| 500 | _aIncludes Index | ||
| 650 |
_aBusiness Economics _93125 |
||
| 650 |
_aEconomics _93126 |
||
| 700 |
_aPeter .Y.Chow , Mitchell H. Kellman _93124 |
||
| 856 |
_k0 _l0 _yDownload |
||
| 942 |
_2ddc _cBK |
||
| 999 |
_c1939 _d1939 |
||